|
|
|
|
| LEADER |
00000nas a2200000 i 4500 |
| 001 |
ssj0000399120 |
| 003 |
WaSeSS |
| 005 |
20200512172242.0 |
| 006 |
m d |
| 007 |
cr n |
| 008 |
101125c20059999fr ar s s i| 0eng c |
| 010 |
|
|
|a 2018252027
|
| 015 |
|
|
|a 99,V01
|2 dnb
|
| 016 |
7 |
|
|a 975947397
|2 DE-101
|
| 016 |
7 |
|
|a 2198381-1
|2 DE-600
|
| 016 |
7 |
|
|a 013554617
|2 Uk
|
| 022 |
|
|
|a 1999-1142
|l 1563-0447
|
| 035 |
|
|
|a (WaSeSS)ssj0000399120
|
| 040 |
|
|
|a OCLCE
|b eng
|e pn
|c OCLCE
|d OCLCQ
|d OCLCF
|d OUN
|d DLC
|d OCLCQ
|d VT2
|d OCLCQ
|d BECOE
|d OCLCA
|d FIE
|d OCLCA
|d WAU
|d OCL
|d OCLCA
|d OCLCQ
|d U3W
|d VVB
|d WYU
|d WaSeSS
|
| 042 |
|
|
|a pcc
|a dlr
|
| 050 |
|
4 |
|a HD1401
|b .A338
|
| 070 |
1 |
|
|a HD1401
|b .O3222
|
| 072 |
|
0 |
|a E100
|
| 210 |
0 |
|
|a OECD-FAO agric. outlook
|b (Online)
|
| 222 |
|
0 |
|a OECD-FAO agricultural outlook
|b (Online)
|
| 245 |
0 |
0 |
|a OECD-FAO agricultural outlook
|h [electronic resource].
|
| 246 |
3 |
|
|a Organisation for Economic Co-operation and Development-Food and Agriculture Organization agricultural outlook
|
| 246 |
3 |
0 |
|a Agricultural outlook
|
| 260 |
|
|
|a Paris :
|b OECD :
|b Food and Agriculture Organization of the United Nations
|
| 310 |
|
|
|a Annual
|
| 362 |
1 |
|
|a Began with: 2005/2014.
|
| 500 |
|
|
|a Beginning with 2016/2025, issues have a regional focus.
|
| 506 |
|
|
|a License restrictions may limit access.
|
| 538 |
|
|
|a Master and use copy. Digital master created according to Benchmark for Faithful Digital Reproductions of Monographs and Serials, Version 1. Digital Library Federation, December 2002.
|u http://purl.oclc.org/DLF/benchrepro0212
|5 MiAaHDL
|
| 583 |
1 |
|
|a digitized
|c 2010
|h HathiTrust Digital Library
|l committed to preserve
|2 pda
|5 MiAaHDL
|
| 588 |
|
|
|a Description based on: 2015/2024; title from title page (FAO, viewed March 8, 2018).
|
| 588 |
|
|
|a Latest issue consulted: 2017/2026.
|
| 648 |
|
4 |
|a Prognose 2000-2005.
|
| 648 |
|
4 |
|a Prognose.
|
| 648 |
|
7 |
|a Prognose.
|2 swd
|
| 650 |
|
0 |
|a Agriculture
|x Economic aspects
|x Forecasting
|v Periodicals.
|
| 650 |
|
0 |
|a Agriculture and state
|v Periodicals.
|
| 650 |
|
0 |
|a Agriculture
|x Economic aspects
|v Statistics
|v Periodicals.
|
| 650 |
|
7 |
|a Agriculture and state.
|2 fast
|0 (OCoLC)fst00801722
|
| 650 |
|
7 |
|a Agriculture
|x Economic aspects.
|2 fast
|0 (OCoLC)fst00801415
|
| 650 |
|
7 |
|a Agriculture
|x Economic aspects
|x Forecasting.
|2 fast
|0 (OCoLC)fst00801435
|
| 650 |
|
7 |
|a Agrarmarkt
|2 gnd
|
| 650 |
|
7 |
|a Landwirtschaft.
|2 stw
|
| 650 |
|
7 |
|a Branchenentwicklung.
|2 stw
|
| 650 |
|
7 |
|a Prognose.
|2 stw
|
| 650 |
|
7 |
|a OECD-Staaten.
|2 stw
|
| 650 |
|
7 |
|a Welt.
|2 stw
|
| 653 |
|
0 |
|a Prognose
|
| 655 |
|
0 |
|a Electronic journals.
|
| 710 |
2 |
|
|a Organisation for Economic Co-operation and Development.
|
| 710 |
2 |
|
|a Food and Agriculture Organization of the United Nations.
|
| 775 |
0 |
8 |
|i Issued also in French:
|t Perspectives agricoles de l'OCDE et de la FAO
|
| 776 |
0 |
8 |
|i Print version:
|t OECD-FAO agricultural outlook
|w (DLC) 2005233204
|w (OCoLC)61205187
|
| 780 |
0 |
0 |
|t OECD agricultural outlook
|w (OCoLC)698036758
|
| 856 |
4 |
0 |
|z Full text available from Research Library: 01/01/2012 to 6 months ago
|u https://search.proquest.com/publication/2026458
|